000
00243nam a2200097Ia 4500
001
805687
005
20250826171157.0
008
250824s9999 xx 000 0 und d
245
0
_a
BEŞ ŞEHİR
_c
AHMET HAMDİ TANPINAR
260
_b
DERGAH YAYINLARI
999
_c
805687
_d
805687